[Event "US Open - Denker HS"]
[Site "Vancouver, WA"]
[Date "2012.08.05"]
[Round "2"]
[White "Shetty, Atulya (MI)"]
[Black "Bu, Kevin  (MN)"]
[Result "1-0"]
[WhiteElo "2400"]
[BlackElo "2221"]
[PlyCount "55"]

1.c4 Nf6 2.g3 e6 3.Bg2 d5 4.Nf3 dxc4 5.Na3 c5 6.Nxc4 Nc6 7.O-O
Be7 8.b3 O-O 9.Bb2 Rb8 10.d4 a6 11.Rc1 cxd4 12.Nxd4 Na7 13.Qc2
Bd7 14.Rfd1 Qc7 15.Qb1 b5 16.Ne3 Qb6 17.Nf3 Bc6 18.Bd4 Qb7 19.Ng5
Bxg2 20.Bxf6 g6 21.Qb2 h6 22.Bxe7 Qxe7 23.Ng4 f6 24.Nxh6+ Kg7
25.Rc7 Qxc7 26.Nxe6+ Kxh6 27.Nxc7 Bc6 28.Qd4 1-0

[Event "US Open - Denker HS"]
[Site "Vancouver, WA"]
[Date "2012.08.06"]
[Round "4"]
[White "Shetty, Atulya (MI)"]
[Black "Griggs, Walker (OH)"]
[Result "1-0"]
[WhiteElo "2400"]
[BlackElo "2268"]
[PlyCount "79"]

1.c4 e5 2.g3 Nf6 3.Bg2 d5 4.cxd5 Nxd5 5.Nc3 Nb6 6.Nf3 Nc6 7.O-O
Be7 8.a3 Be6 9.b4 O-O 10.Rb1 f6 11.d3 a5 12.b5 Nd4 13.Nd2 Qc8
14.e3 Nf5 15.Qc2 a4 16.Bb2 Ra5 17.Rfc1 Kh8 18.Nc4 Bxc4 19.dxc4
Nxc4 20.Nd5 Nxa3 21.Nxe7 Nxc2 22.Nxc8 Rxb5 23.Rxc2 Rxc8 24.Ra1
Ra8 25.Ba3 c6 26.Rd2 Rb3 27.Rd7 g6 28.g4 Nh6 29.g5 fxg5 30.Bd6
Kg8 31.Bxe5 Nf7 32.Bf6 a3 33.Bh3 Re8 34.Bf1 b5 35.Ra7 h5 36.R7xa3
Rb4 37.Bd3 Ne5 38.Bxe5 Rxe5 39.Ra7 Re6 40.Rc7 1-0

[Event "US Open"]
[Site "Vancouver, WA"]
[Date "2012.08.06"]
[Round "4"]
[White "Silberman, Sam  (FL)"]
[Black "Mu, Joshua  (NC)"]
[Result "1/2-1/2"]
[WhiteElo "2056"]
[BlackElo "2242"]
[PlyCount "74"]

1.e4 Nf6 2.Nc3 Nc6 3.d4 d5 4.e5 Ne4 5.Nxe4 dxe4 6.c3 Qd5 7.Ne2
Bf5 8.Nf4 Qd7 9.e6 fxe6 10.g4 Bg6 11.Nxg6 hxg6 12.Qc2 e5 13.Qxe4
O-O-O 14.Bc4 Kb8 15.d5 e6 16.Qxg6 Na5 17.Be2 exd5 18.Bg5 Re8
19.O-O-O Be7 20.Be3 Bd8 21.Qe4 c6 22.Qa4 b5 23.Qa3 Bb6 24.Bxb6
axb6 25.b3 Rh3 26.Qb2 Reh8 27.c4 bxc4 28.bxc4 Qc7 29.cxd5 cxd5+
30.Kb1 Nc4 31.Bxc4 dxc4 32.Qb5 Rd3 33.Rxd3 cxd3 34.Qxd3 Rd8 35.Qc2
Qxc2+ 36.Kxc2 Rf8 37.Rf1 Rh8 1/2-1/2

[Event "US Open - Barber K-8"]
[Site "Vancouver, WA"]
[Date "2012.08.06"]
[Round "4"]
[White "Tang, Andrew (MN)"]
[Black "Hilby, Craig  (CA)"]
[Result "1-0"]
[WhiteElo "2253"]
[BlackElo "2068"]
[PlyCount "77"]

1.d4 d5 2.c4 e6 3.Nc3 Be7 4.Nf3 Nf6 5.Bg5 O-O 6.e3 Nbd7 7.Bd3
dxc4 8.Bxc4 c5 9.O-O b6 10.Qe2 Bb7 11.Rfd1 Ne4 12.Nxe4 Bxe4 13.Bf4
Bxf3 14.gxf3 cxd4 15.Rxd4 Bc5 16.Rd3 Qe7 17.Rad1 Nf6 18.Be5 Rad8
19.a3 a5 20.f4 h6 21.e4 Rxd3 22.Rxd3 Rd8 23.h3 Rxd3 24.Qxd3 Qd7
25.Qe2 Bd4 26.Bb5 Bxf2+ 27.Kxf2 Nxe4+ 28.Ke3 Qb7 29.Qg2 f5 30.Bc4
Qe7 31.Bxe6+ Kf8 32.Bxf5 Qc5+ 33.Kf3 Ng5+ 34.Kg4 Qe3 35.Qa8+
Ke7 36.Qb7+ Kd8 37.Qc7+ Ke8 38.Bg6+ Kf8 39.Qd8# 1-0

[Event "US Open - Barber K-8"]
[Site "Vancouver, WA"]
[Date "2012.08.07"]
[Round "6"]
[White "Tang, Andrew (MN)"]
[Black "Shi, Tinglin  (WI)"]
[Result "1-0"]
[WhiteElo "2253"]
[BlackElo "1705"]
[PlyCount "49"]

1.d4 d5 2.c4 c6 3.Nc3 e6 4.Nf3 dxc4 5.a4 Bb4 6.e3 b5 7.axb5 cxb5
8.Ne5 Bxc3+ 9.bxc3 Nf6 10.Ba3 Nbd7 11.Qf3 Nb6 12.Bc5 Nbd5 13.g4
Qc7 14.g5 Bb7 15.Bg2 Ng8 16.Bd6 Nb4 17.Qxb7 Qxb7 18.Bxb7 Nc2+
19.Kd2 Nxa1 20.Bc6+ Kd8 21.Nxf7+ Kc8 22.Rxa1 Ne7 23.Bxe7 Kc7
24.Ra6 Rhc8 25.Bd6# 1-0

[Event "US Open"]
[Site "Vancouver, WA"]
[Date "2012.08.09"]
[Round "4"]
[White "Theil, Carey (MA)"]
[Black "He, Daniel (WA)"]
[Result "1/2-1/2"]
[WhiteElo "2183"]
[BlackElo "2030"]
[PlyCount "94"]

1.e4 c5 2.Nf3 Nc6 3.Bb5 e6 4.O-O Nge7 5.Nc3 Ng6 6.d4 cxd4 7.Nxd4
Be7 8.Be3 O-O 9.f4 Qc7 10.Bxc6 bxc6 11.Qh5 Ba6 12.Rf3 Rfb8 13.f5
e5 14.Rh3 Nf8 15.Nb3 Rd8 16.Rd1 Bc4 17.Nd2 Ba6 18.Nf3 d6 19.Kh1
Rab8 20.b3 Bc8 21.Rg3 Bf6 22.Ng5 g6 23.Qf3 Qe7 24.Rf1 Bxg5 25.Bxg5
f6 26.Bh6 Kf7 27.Qg4 Rb4 28.Bxf8 Kxf8 29.Qh4 g5 30.Qh5 Ba6 31.Rd1
Qf7 32.Qf3 h5 33.Qf2 Kg7 34.h4 g4 35.Re3 d5 36.exd5 cxd5 37.Ree1
d4 38.Ne4 Qd5 39.Qd2 Rbb8 40.Kh2 Rbc8 41.Nxf6 Kxf6 42.Qg5+ Kf7
43.Qg6+ Kf8 44.Qf6+ Kg8 45.Qg6+ Kf8 46.Qf6+ Kg8 47.Qg6+ Kf8 1/2-1/2

[Event "US Open"]
[Site "Vancouver, WA"]
[Date "2012.08.10"]
[Round "6"]
[White "Theil, Carey (MA)"]
[Black "Warrier, Vishnu (WA)"]
[Result "0-1"]
[WhiteElo "2183"]
[BlackElo "1885"]
[PlyCount "92"]

1.e4 c5 2.Nf3 e6 3.Nc3 a6 4.g3 Nc6 5.Bg2 Qc7 6.O-O Nf6 7.d4 cxd4
8.Nxd4 Be7 9.Nxc6 bxc6 10.Be3 Rb8 11.e5 Nd5 12.Nxd5 cxd5 13.Qg4
g6 14.Bh6 Rb4 15.Qe2 Rxb2 16.Qe3 Qc5 17.Qd2 Rxc2 18.Qxc2 Qxc2
19.Rac1 Qc6 20.Rxc6 dxc6 21.Bd2 f6 22.exf6 Bxf6 23.Rb1 Kd7 24.Bf1
Rf8 25.Bb4 Be7 26.Bxe7 Kxe7 27.Rb8 Bd7 28.Rb6 Kd6 29.Rxa6 Rb8
30.a4 Rb1 31.Kg2 e5 32.a5 Bh3+ 33.Kxh3 Rxf1 34.Kg2 Ra1 35.Ra8
e4 36.a6 Kc5 37.h4 d4 38.a7 d3 39.g4 Kc4 40.h5 gxh5 41.gxh5 c5
42.h6 d2 43.Rd8 Kc3 44.Rd5 c4 45.f4 exf3+ 46.Kxf3 Rxa7 0-1

[Event "US Open - Denker HS"]
[Site "Vancouver, WA"]
[Date "2012.08.07"]
[Round "6"]
[White "Tyagi, Kushan  (IA)"]
[Black "Seshadri, Sudarshan  (CA)"]
[Result "1/2-1/2"]
[WhiteElo "2086"]
[BlackElo "1936"]
[PlyCount "73"]

1.d4 Nf6 2.c4 e6 3.Nf3 Bb4+ 4.Bd2 Qe7 5.g3 b6 6.Bg2 Bb7 7.O-O
O-O 8.Nc3 d5 9.Ne5 Nbd7 10.Nxd7 Nxd7 11.Qc2 Bxc3 12.Qxc3 Nf6
13.Bg5 c6 14.Rfc1 Rfc8 15.e3 h6 16.Bxf6 Qxf6 17.c5 Qe7 18.a4
Ba6 19.b4 Qb7 20.Rcb1 b5 21.Bf1 bxa4 22.Rxa4 Bxf1 23.Rxf1 a6
24.Rfa1 Ra7 25.f3 Rb8 26.Qd3 Rba8 27.Kf2 Qc8 28.Kg2 Qb7 29.h4
g6 30.g4 Kg7 31.f4 Qb5 32.Qxb5 cxb5 33.R4a2 Kf8 34.Kf3 f5 35.Ra5
Ke7 36.Rg1 Kf7 37.Rga1 1/2-1/2

[Event "US Open - Denker HS"]
[Site "Vancouver, WA"]
[Date "2012.08.07"]
[Round "6"]
[White "Ulrich, Thomas  (WI)"]
[Black "Bu, Kevin  (MN)"]
[Result "0-1"]
[WhiteElo "2279"]
[BlackElo "2221"]
[PlyCount "63"]

1.Nf3 Nf6 2.g3 g6 3.b3 Bg7 4.Bb2 O-O 5.Bg2 d6 6.d4 Nbd7 7.O-O
e5 8.dxe5 Ng4 9.Qd2 Ngxe5 10.c4 a5 11.Nxe5 Nxe5 12.f4 Nc6 13.Bxg7
Kxg7 14.Nc3 Be6 15.e4 f6 16.Nd5 Rf7 17.f5 Bxd5 18.cxd5 Ne5 19.fxg6
hxg6 20.Bh3 Qh8 21.Be6 Re7 22.Rf2 b6 23.Raf1 Rf8 24.g4 Ree8 25.g5
fxg5 26.Qxg5 Rxf2 27.Rxf2 Qh5 28.Qf6+ Kh7 29.Rf4 Qd1+ 30.Kg2
Qe2+ 31.Kg1 Qe1+ 32.Kg2 0-1

[Event "US Open"]
[Site "Vancouver, WA"]
[Date "2012.08.10"]
[Round "6"]
[White "Ummel, Igor (WA)"]
[Black "Thompson, Ian (ENG)"]
[Result "1/2-1/2"]
[WhiteElo "2175"]
[BlackElo "2343"]
[PlyCount "33"]

1.e4 e6 2.b3 d5 3.Bb2 dxe4 4.Nc3 Nf6 5.Qe2 Nbd7 6.Nxe4 Nxe4 7.Qxe4
Nf6 8.Qh4 Be7 9.Nf3 Nd5 10.Qe4 Nf6 11.Qe2 O-O 12.g3 b6 13.Bg2
Bb7 14.O-O c5 15.c4 Qc8 16.Rad1 Rd8 17.Rfe1 1/2-1/2

[Event "US Open"]
[Site "Vancouver, WA"]
[Date "2012.08.09"]
[Round "4"]
[White "Ummel, Igor (WA)"]
[Black "Ulrich, Thomas  (WI)"]
[Result "1/2-1/2"]
[WhiteElo "2175"]
[BlackElo "2279"]
[PlyCount "46"]

1.e4 c6 2.d4 d5 3.Nc3 dxe4 4.Nxe4 Bf5 5.Ng3 Bg6 6.Bc4 e6 7.N1e2
Nf6 8.O-O Bd6 9.f4 Qc7 10.f5 exf5 11.Bf4 Bxf4 12.Rxf4 O-O 13.Nxf5
Bxf5 14.Rxf5 Ng4 15.Rh5 Nd7 16.Bd3 Ndf6 17.Rh3 Rae8 18.Qd2 Ne4
19.Qf4 Qxf4 20.Nxf4 Ngf2 21.Re3 Nxd3 22.Nxd3 f5 23.Rae1 Rd8 1/2-1/2

[Event "US Open - Denker HS"]
[Site "Vancouver, WA"]
[Date "2012.08.07"]
[Round "6"]
[White "Vibbert, Sean (IN)"]
[Black "Mu, Joshua  (NC)"]
[Result "1/2-1/2"]
[WhiteElo "2315"]
[BlackElo "2242"]
[PlyCount "96"]

1.e4 Nf6 2.e5 Nd5 3.d4 d6 4.Nf3 dxe5 5.Nxe5 c6 6.Be2 Bf5 7.O-O
Nd7 8.c4 Nb4 9.Nd3 e6 10.Nxb4 Bxb4 11.Qb3 Bd6 12.c5 Be7 13.Qxb7
e5 14.Qxc6 exd4 15.Qd5 Bxb1 16.Rxb1 Nxc5 17.Bb5+ Kf8 18.Qf3 Rc8
19.Bc4 Bf6 20.Rd1 Nd7 21.Ba6 Rc5 22.b4 Ne5 23.Qe4 Rd5 24.f4 Ng4
25.h3 Rd6 26.b5 Ne3 27.Ba3 Nxd1 28.Rxd1 Kg8 29.Bxd6 Qxd6 30.Qc6
Be7 31.Kh1 Qxf4 32.Qa8+ Bf8 33.Qxa7 Bd6 34.Qa8+ Bb8 35.Kg1 g6
36.Qf3 Qh2+ 37.Kf2 Kg7 38.b6 Qd6 39.Bc4 Qxb6 40.Qxf7+ Kh6 41.Kg1
Qd6 42.Rf1 Qh2+ 43.Kf2 Bd6 44.Qd5 Rc8 45.Ke2 Qg3 46.Kd1 Bf4 47.Qf3
Rxc4 48.Qxf4+ Qxf4 1/2-1/2

[Event "US Open - Denker HS"]
[Site "Vancouver, WA"]
[Date "2012.08.06"]
[Round "4"]
[White "Vibbert, Sean (IN)"]
[Black "Yang, Darwin (TX)"]
[Result "0-1"]
[WhiteElo "2315"]
[BlackElo "2594"]
[PlyCount "182"]

1.e4 e6 2.d4 d5 3.Nc3 Nf6 4.Bg5 Bb4 5.e5 h6 6.Be3 Ne4 7.Qg4 g6
8.Bd3 Nxc3 9.a3 Ba5 10.Bd2 c5 11.bxc3 c4 12.Bf1 Bd7 13.g3 Ba4
14.Ra2 Nd7 15.Bg2 Qe7 16.Ne2 O-O-O 17.O-O g5 18.Qf3 f5 19.Qe3
Rdg8 20.f4 g4 21.Rb1 h5 22.Qf2 h4 23.Qe1 Rh5 24.Kf2 Rgh8 25.Qc1
Bc6 26.Qb2 hxg3+ 27.hxg3 Rh2 28.Raa1 Nc5 29.Rg1 Ne4+ 30.Ke3 Ba4
31.Raf1 Qf8 32.Be1 Bd8 33.Bf2 Be7 34.Rb1 b6 35.Ra1 Kb7 36.Qa2
R8h5 37.Qb2 Qh6 38.Raf1 Qf8 39.Ra1 Qh8 40.Qc1 a6 41.Qb1 b5 42.Qc1
Kc6 43.Qb1 Qd8 44.Qc1 Qf8 45.Qb2 Bd8 46.Rab1 Ba5 47.Ra1 Qh8 48.Raf1
Qh6 49.Bxe4 fxe4 50.Qc1 Bd8 51.Qb2 Be7 52.Qa2 Rh1 53.Kd2 R5h2
54.Rxh1 Rxh1 55.Rxh1 Qxh1 56.Be3 Qf1 57.Qb2 a5 58.Qa2 Qh1 59.Qb2
Qh8 60.Qa1 Kd7 61.Qf1 Qh5 62.Qc1 Ke8 63.Qa1 Kf7 64.Qc1 Kg6 65.Qa1
Kf5 66.Qc1 Qh2 67.Qb2 Qg2 68.Qc1 b4 69.axb4 axb4 70.Qb2 b3 71.Qa1
bxc2 72.Qxa4 c1Q+ 73.Kxc1 Qxe2 74.Bd2 Qf1+ 75.Kb2 Qf2 76.Kc1
Qxg3 77.Qe8 Ba3+ 78.Kb1 e3 79.Qf7+ Ke4 80.Qg6+ Kf3 81.Bxe3 Qe1+
82.Ka2 Qxc3 83.Qb1 Kxe3 84.Qg1+ Kxf4 85.Qf2+ Ke4 86.Qe2+ Kxd4
87.Qf2+ Qe3 88.Qc2 Kxe5 89.Ka1 g3 90.Ka2 Qb3+ 91.Ka1 Qb2+ 0-1

[Event "US Open"]
[Site "Vancouver, WA"]
[Date "2012.08.10"]
[Round "6"]
[White "Viswanathan, Abinav  (WA)"]
[Black "Cotten, Donald (CA)"]
[Result "1-0"]
[WhiteElo "1806"]
[BlackElo "2015"]
[PlyCount "21"]

1.d4 d5 2.e3 c5 3.c3 Nc6 4.dxc5 e5 5.b4 a5 6.Bb5 Be6 7.Nf3 Qf6
8.Bb2 Nge7 9.c4 O-O-O 10.Bxc6 dxc4 11.Bxb7+ 1-0

[Event "US Open - Denker HS"]
[Site "Vancouver, WA"]
[Date "2012.08.05"]
[Round "2"]
[White "Vogt, Nathan  (TN)"]
[Black "Schmakel, Sam (IL)"]
[Result "0-1"]
[WhiteElo "2035"]
[BlackElo "2244"]
[PlyCount "74"]

1.e4 c5 2.Nf3 d6 3.d4 cxd4 4.Nxd4 Nf6 5.Nc3 a6 6.Be2 e5 7.Nf3
h6 8.Be3 Be6 9.O-O Nbd7 10.Qd2 Rc8 11.Bd3 Be7 12.Rad1 Qc7 13.Rfe1
Nc5 14.h3 O-O 15.Bxc5 Qxc5 16.Nh4 Qc7 17.Qe2 g6 18.Qe3 Kg7 19.Nf3
Nh5 20.Nd5 Bxd5 21.exd5 Nf4 22.c4 Nxd3 23.Rxd3 Qxc4 24.Nd2 Qxa2
25.Qb6 Rc2 26.Qxb7 Rxb2 27.Qxe7 Rxd2 28.Rf3 Qxd5 29.Qf6+ Kg8
30.Rg3 Ra8 31.h4 h5 32.Ree3 Rd1+ 33.Kh2 Rd4 34.Rg5 Rxh4+ 35.Kg3
Rg4+ 36.Rxg4 hxg4 37.f4 Qd4 0-1

[Event "US Open - Barber K-8"]
[Site "Vancouver, WA"]
[Date "2012.08.07"]
[Round "6"]
[White "Wang, Jalen (MI)"]
[Black "Wlezien, Alexander (PA)"]
[Result "1-0"]
[WhiteElo "2130"]
[BlackElo "1999"]
[PlyCount "76"]

1.e4 e5 2.Nf3 Nc6 3.Bb5 a6 4.Bxc6 dxc6 5.O-O Be7 6.Re1 Bf6 7.d4
Bg4 8.dxe5 Qxd1 9.Rxd1 Bxe5 10.h3 Bxf3 11.gxf3 Ne7 12.Na3 g6
13.Nc4 Bg7 14.c3 b5 15.Na5 Be5 16.Be3 Rd8 17.f4 Bg7 18.Kg2 f5
19.e5 Kf7 20.Bc5 Nd5 21.Nxc6 Rd7 22.Kf3 Re8 23.Nb4 Red8 24.Nxa6
Bh6 25.Rxd5 Rxd5 26.e6+ Kxe6 27.Nxc7+ Kf7 28.Nxd5 Rxd5 29.Be3
Bg7 30.Ke2 Ke6 31.Rd1 Rxd1 32.Kxd1 Kd5 33.Kc2 Ke4 34.b3 Bf6 35.a4
bxa4 36.bxa4 Kd5 37.Kb3 Be7 38.a5 Bc5 1-0

[Event "US Open"]
[Site "Vancouver, WA"]
[Date "2012.08.10"]
[Round "6"]
[White "Weatherspoon, Kyler  (MN)"]
[Black "Fields, Noah (WA)"]
[Result "1-0"]
[WhiteElo "2060"]
[BlackElo "1837"]
[PlyCount "77"]

1.e4 c5 2.Nf3 e6 3.d4 cxd4 4.Nxd4 a6 5.Nc3 Qc7 6.Bd3 Nf6 7.O-O
Be7 8.Be3 Nc6 9.Nb3 O-O 10.f4 d6 11.a4 b6 12.g4 Nb4 13.g5 Nd7
14.Be2 Bb7 15.Bf3 Rfe8 16.Qd2 Nc6 17.Rf2 Nf8 18.Raf1 Ng6 19.Bh1
f6 20.h4 Nxh4 21.f5 Ne5 22.fxe6 Nc4 23.Qc1 Nxe3 24.Qxe3 Rf8 25.Nd4
fxg5 26.Rxf8+ Rxf8 27.Rxf8+ Bxf8 28.Qxg5 Qc5 29.Qxc5 bxc5 30.Nf5
Ng6 31.e5 Bc8 32.Bd5 Kh8 33.exd6 Bxd6 34.Nxd6 Ne7 35.Nxc8 Nxc8
36.Bb7 Nd6 37.e7 g6 38.Ne4 Ne8 39.Bc6 1-0

[Event "US Open"]
[Site "Vancouver, WA"]
[Date "2012.08.10"]
[Round "6"]
[White "Wheeler, Cameron  (CA)"]
[Black "Sheng, Joshua  (CA)"]
[Result "0-1"]
[WhiteElo "2200"]
[BlackElo "2079"]
[PlyCount "90"]

1.c4 Nf6 2.g3 g6 3.Bg2 Bg7 4.Nc3 O-O 5.Nf3 d6 6.O-O Nc6 7.d3
e5 8.Rb1 a5 9.a3 Nd4 10.Nd2 Nd7 11.e3 Ne6 12.b4 axb4 13.axb4
f5 14.Qb3 Re8 15.Bb2 Kh8 16.Ra1 Rxa1 17.Rxa1 c6 18.b5 Ndc5 19.Qc2
Bd7 20.bxc6 bxc6 21.Ne2 Qb6 22.d4 Nd3 23.Bc3 e4 24.f3 d5 25.c5
Qb8 26.f4 Nc7 27.Nc1 Ne1 28.Qb3 Qxb3 29.Ndxb3 Nc2 30.Ra7 Nb5
31.Rxd7 Nxc3 32.Rc7 Nxe3 33.Rxc6 Nc2 34.Kf1 Nxd4 35.Rd6 Ndb5
36.Rd7 Rc8 37.Ne2 Nxe2 38.Kxe2 d4 39.c6 d3+ 40.Kd1 Bf8 41.Rb7
Nc3+ 42.Kd2 Nd5 43.Rb5 Bb4+ 44.Kc1 Rxc6+ 45.Kb2 Rc2+ 0-1

[Event "US Open"]
[Site "Vancouver, WA"]
[Date "2012.08.09"]
[Round "4"]
[White "Wheeler, Cameron  (CA)"]
[Black "Shetty, Atulya (MI)"]
[Result "0-1"]
[WhiteElo "2200"]
[BlackElo "2400"]
[PlyCount "72"]

1.c4 e5 2.g3 Nc6 3.Nc3 Nf6 4.Bg2 Bc5 5.e3 d5 6.cxd5 Nb4 7.d3
Nbxd5 8.Nge2 O-O 9.O-O Bg4 10.Nxd5 Nxd5 11.a3 Qd7 12.Qc2 Be7
13.Rd1 c5 14.Rd2 Bh3 15.Bh1 Kh8 16.Nc3 Nb6 17.b3 Rad8 18.Bb2
f5 19.Re1 e4 20.d4 cxd4 21.Rxd4 Qc6 22.Rxd8 Rxd8 23.Rd1 Rc8 24.Qd2
Bg4 25.Rc1 Rd8 26.Qe1 Qe6 27.b4 Nc4 28.Na4 b5 29.Rxc4 Qxc4 30.Nc3
Bf6 31.h3 Bxc3 32.Qxc3 Rd1+ 33.Kh2 Rxh1+ 34.Kxh1 Qf1+ 35.Kh2
Qxf2+ 36.Kh1 Bf3# 0-1

[Event "US Open - Barber K-8"]
[Site "Vancouver, WA"]
[Date "2012.08.05"]
[Round "2"]
[White "Wlezien, Alexander (PA)"]
[Black "Brattain, Mika  (MA)"]
[Result "1/2-1/2"]
[WhiteElo "1999"]
[BlackElo "2237"]
[PlyCount "85"]

1.e4 c6 2.Nc3 d5 3.Nf3 Nf6 4.e5 Ne4 5.Ne2 Qb6 6.d4 e6 7.Ng5 Nxg5
8.Bxg5 Qxb2 9.c3 h6 10.Bd2 Qb6 11.Rb1 Qc7 12.Ng3 c5 13.Bd3 Nc6
14.Qg4 Bd7 15.O-O c4 16.Bc2 O-O-O 17.Qf3 Be8 18.Nh5 Ne7 19.Qg3
g6 20.Nf6 Bc6 21.Qh3 Ng8 22.Nxg8 Rxg8 23.f4 h5 24.Be1 Be7 25.Rb2
Ba3 26.Rb1 Be7 27.Rb2 Rde8 28.Bd1 Qd7 29.Bh4 Bxh4 30.Qxh4 Qe7
31.Qxe7 Rxe7 32.h4 Rc7 33.Kf2 Kd7 34.Ke3 Rb8 35.Bc2 b5 36.Rfb1
Rb6 37.a3 Ra6 38.Ra1 Rb6 39.Rab1 Rcb7 40.Kd2 Kc7 41.g3 Ra6 42.Ra1
Rab6 43.Rab1 1/2-1/2

[Event "US Open - Barber K-8"]
[Site "Vancouver, WA"]
[Date "2012.08.06"]
[Round "4"]
[White "Wlezien, Alexander (PA)"]
[Black "Schuh, Zachary  (KS)"]
[Result "1-0"]
[WhiteElo "1999"]
[BlackElo "1732"]
[PlyCount "85"]

1.e4 c6 2.Nc3 d5 3.Nf3 Bg4 4.h3 Bxf3 5.Qxf3 e6 6.d3 Nd7 7.Bd2
Ngf6 8.g4 h6 9.O-O-O Bb4 10.Kb1 d4 11.Ne2 Bxd2 12.Rxd2 e5 13.Qg3
Qa5 14.Rd1 Nh7 15.f4 f6 16.f5 Ng5 17.h4 Nf7 18.Ng1 O-O-O 19.Nf3
b5 20.Be2 c5 21.g5 hxg5 22.hxg5 Qb6 23.gxf6 Qxf6 24.Nh4 a5 25.Ng6
Rh6 26.Qe1 b4 27.Rc1 a4 28.c3 bxc3 29.bxc3 Rxh1 30.Qxh1 Qb6+
31.Ka1 Kc7 32.cxd4 exd4 33.Nf4 Kd6 34.Nd5 Qa7 35.Bh5 Nfe5 36.Qh4
Nc6 37.Qf4+ Nde5 38.Rg1 Ne7 39.Rxg7 Qa5 40.Qh6+ N7g6 41.Rxg6+
Nxg6 42.Qxg6+ Kd7 43.Qe6# 1-0

[Event "US Open - Barber K-8"]
[Site "Vancouver, WA"]
[Date "2012.08.07"]
[Round "6"]
[White "Zhang, Jiahua  (IA)"]
[Black "Fishbein, Matthew  (ME)"]
[Result "0-1"]
[WhiteElo "1870"]
[BlackElo "2108"]
[PlyCount "142"]

1.e4 c5 2.Nf3 d6 3.d4 cxd4 4.Nxd4 Nf6 5.Nc3 g6 6.Be3 Bg7 7.Bc4
O-O 8.f3 Nc6 9.Qd2 Bd7 10.O-O Rc8 11.Bb3 Ne5 12.Rfe1 Nc4 13.Bxc4
Rxc4 14.Rad1 a6 15.Kh1 b5 16.Nb3 Qc7 17.Nd4 b4 18.Nd5 Nxd5 19.exd5
Qb7 20.b3 Rc7 21.Bh6 Re8 22.Bxg7 Kxg7 23.Qf4 Kg8 24.Qh6 e5 25.dxe6
fxe6 26.Re4 e5 27.Rde1 Rf8 28.f4 Bc6 29.Nxc6 Qxc6 30.h3 Qxc2
31.fxe5 dxe5 32.Rxe5 Rcf7 33.Re8 Rf1+ 34.Rxf1 Rxe8 35.Qf4 Qe2
36.Rf2 Qe1+ 37.Kh2 Qe7 38.Rd2 a5 39.Rd5 Rf8 40.Qc4 Rf7 41.Qc8+
Kg7 42.Qc4 Qf6 43.Qe4 Re7 44.Qg4 Re5 45.Rd7+ Kh6 46.Ra7 Re1 47.Rxa5
Qd6+ 48.Qg3 Rh1+ 49.Kxh1 Qxg3 50.Ra4 Qe3 51.Kh2 Kg5 52.h4+ Kxh4
53.Rxb4+ Kh5 54.Rb5+ g5 55.a4 Kh4 56.Rb4+ g4 57.Rc4 Qe5+ 58.Kg1
Kg3 59.Kf1 Qe3 60.Rc2 Qxb3 61.Re2 Qxa4 62.Re3+ Kf4 63.Re2 g3
64.Re7 Qa6+ 65.Ke1 Qa1+ 66.Ke2 Qb2+ 67.Kd3 Qxg2 68.Rf7+ Kg5 69.Rxh7
Qf3+ 70.Kd2 Qf2+ 71.Kd1 g2 0-1

[Event "US Open"]
[Site "Vancouver, WA"]
[Date "2012.08.04"]
[Round "1"]
[White "Airapetian, Chouchanik (WA)"]
[Black "Hughes, Charles (ID)"]
[Result "1/2-1/2"]
[WhiteElo "2155"]
[BlackElo "1732"]
[PlyCount "116"]

1.e4 Nf6 2.e5 Nd5 3.c4 Nb6 4.d4 d6 5.f4 g6 6.Be2 Bg7 7.Nf3 O-O
8.O-O N8d7 {%08DA} 9.Nc3 c5 10.dxc5 Nxc5 11.b4 Na6 12.Be3 Be6
13.c5 Nc4 14.Bd4 Rc8 15.exd6 Ne3 16.Bxe3 Bxc3 17.Nd4 exd6 18.Nxe6
fxe6 19.Qb3 Qf6 20.Rac1 Bd4 21.Kh1 d5 22.a3 Nc7 23.Rcd1 Bxe3
24.Qxe3 a6 25.g3 Rfe8 26.Bg4 Rcd8 27.Rfe1 Rd7 28.Rd3 Rde7 29.Qe5
Qxe5 30.Rxe5 Kf7 31.h4 Nb5 32.h5 Na7 33.hxg6+ hxg6 34.Bd1 Nc6
35.Re1 Kf6 36.Kg2 Rh8 37.Ba4 Reh7 38.b5 axb5 39.Bxb5 Rh2+ 40.Kf3
Rc2 41.Rb1 Rxc5 42.Ba4 e5 43.Kg4 exf4 44.gxf4 Ra8 45.Bd1 b5 46.Bf3
Ra4 47.Rxd5 Rxd5 48.Bxd5 Ne5+ 49.Kg3 Rxa3+ 50.Kg2 Nd3 51.Rxb5
Nxf4+ 52.Kf2 Nxd5 53.Rxd5 Ra6 54.Kg3 Re6 55.Kf4 Rc6 56.Rd4 g5+
57.Kg4 Kg6 58.Ra4 Rf6 1/2-1/2

[Event "US Open"]
[Site "Vancouver, WA"]
[Date "2012.08.04"]
[Round "1"]
[White "Arganian, David (WA)"]
[Black "Crenshaw, Russell (OR)"]
[Result "1/2-1/2"]
[WhiteElo "2002"]
[BlackElo "1557"]
[PlyCount "114"]

1.e4 d6 2.d4 Nf6 3.Nc3 g6 4.Be3 Bg7 5.f3 O-O 6.Qd2 c6 7.O-O-O
b5 8.h4 h5 9.Bh6 Qa5 10.Kb1 Be6 {%08DA} 11.Nd5 Qxd2 12.Nxe7+
Kh7 13.Bxd2 Re8 14.Nxc6 Nxc6 15.d5 Nxd5 16.exd5 Bxd5 17.Ne2 a6
18.Bc3 Bc4 19.Nf4 Bxc3 20.Bxc4 bxc4 21.bxc3 Rab8+ 22.Kc1 Red8
23.g4 Rb5 24.gxh5 gxh5 25.Rd5 Rdb8 26.Rxh5+ Rxh5 27.Nxh5 Rb5
28.Nf6+ Kg6 29.Ne4 d5 30.h5+ Kh6 31.Nd6 Rb8 32.Nxf7+ Kg7 33.Ng5
Kh6 34.Nf7+ Kg7 35.Nd6 Rf8 36.h6+ Kh7 37.Rh5 Rxf3 38.Rxd5 Rxc3
39.Nf5 Rxc2+ 40.Kxc2 Nb4+ 41.Kc3 Nxd5+ 42.Kxc4 Nc7 43.a4 Ne6
44.a5 Kg6 45.Kd5 Ng5 46.Kc6 Kxf5 47.Kb7 Kg6 48.Kxa6 Ne4 49.Kb6
Nd6 50.Kc6 Nc8 51.a6 Kxh6 52.Kb7 Nd6+ 53.Kc7 Nb5+ 54.Kb6 Nd6
55.Kc6 Nc8 56.Kb7 Nd6+ 57.Kb8 Nb5 1/2-1/2

[Event "US Open"]
[Site "Vancouver, WA"]
[Date "2012.08.04"]
[Round "1"]
[White "Bashkansky, Naomi (WA)"]
[Black "Hough, Randall (CA)"]
[Result "1/2-1/2"]
[WhiteElo "1589"]
[BlackElo "2022"]
[PlyCount "88"]

1.d4 Nf6 2.e3 b6 3.Bd3 Bb7 4.Nf3 g6 5.O-O Bg7 6.c3 O-O 7.Nbd2
c5 8.Re1 d5 9.Ne5 Nc6 10.f4 Nd7 11.Bb5 {%08DA} Ndxe5 12.fxe5
f6 13.exf6 Bxf6 14.Qg4 Qd6 15.Rf1 e5 16.e4 exd4 17.exd5 Ne5 18.Qe6+
Qxe6 19.dxe6 dxc3 20.bxc3 Bd5 21.Bb2 Bxe6 22.c4 a6 23.Bxe5 Bxe5
24.Rxf8+ Rxf8 25.Re1 Bd4+ 26.Kh1 Bc8 27.Bc6 Bc3 28.Bd5+ Kh8 29.Rf1
Rxf1+ 30.Nxf1 Bf5 31.Ne3 Bb1 32.Bb7 b5 33.cxb5 axb5 34.Ba6 Bd4
35.Nf1 c4 36.Bxb5 c3 37.Ng3 c2 38.Ne2 Bxa2 39.Bd3 Bb1 40.Bxc2
Bxc2 41.Nxd4 Be4 42.Kg1 Kg7 43.Ne2 Kf6 44.Ng3 Bd5 {%02
  (Portions of the remainder of the scoresheet were indecipherable, but the
players waltzed around for another 14 moves before deciding that this really was a draw.)}
 1/2-1/2

[Event "US Open"]
[Site "Vancouver, WA"]
[Date "2012.08.04"]
[Round "1"]
[White "Bercys, Salvijus (NY)"]
[Black "Heublum, Harry (NY)"]
[Result "1-0"]
[WhiteElo "2479"]
[BlackElo "1842"]
[PlyCount "59"]

1.d4 Nf6 2.Nf3 g6 3.c4 Bg7 4.Nc3 d6 5.e4 O-O 6.Be2 Na6 7.Be3
e5 8.d5 b6 9.Nd2 Bd7 10.Rb1 Ne8 11.b4 f5 12.f3 f4 13.Bf2 Nb8
14.c5 g5 15.c6 Bc8 16.Nc4 Nf6 17.g4 fxg3 18.hxg3 h5 19.Ne3 Qe7
20.g4 h4 21.Qd2 Qf7 22.Rh2 Nh7 23.Nf5 Re8 24.Be3 Qg6 25.Nb5 Na6
26.Rb3 Bf6 27.Ra3 Be7 28.Rxa6 Bxa6 29.Nxc7 Bxe2 30.Qxe2 1-0

[Event "US Open"]
[Site "Vancouver, WA"]
[Date "2012.08.04"]
[Round "1"]
[White "Bishop, Alan (WA)"]
[Black "Bowen, Ronald (OR)"]
[Result "1-0"]
[WhiteElo "2000"]
[BlackElo "1516"]
[PlyCount "53"]

1.e4 e5 2.f4 exf4 3.Nf3 d6 4.d4 Be7 5.Bxf4 Bg4 6.Nc3 Bxf3 7.Qxf3
( 7.Qxf3 Bg5 8.Bc4 Bxf4 9.Qxf4 Qf6 10.Qe3 Nh6 11.h3 O-O 12.O-O-O
Kh8 13.g4 Ng8 14.g5 Qd8 15.h4 f6 16.Rdg1 Nd7 17.Qg3 fxg5 18.hxg5
Qe7 19.Bd3 Qf7 20.g6 Qf4+ 21.Qxf4 {1-0, Loesaus Ansgar - Neumann Axel, Kiel (Germany) 2001}
) Nc6 8.Bb5 a6 9.Ba4 b5 10.Nxb5 axb5 11.Bxb5 Bh4+ 12.g3 Nge7
13.gxh4 O-O 14.c3 Rb8 15.a4 Na7 16.h5 Nxb5 17.axb5 Rxb5 18.O-O-O
Qb8 19.Qe2 Qa7 { ??} ( 19...Qb7 $15 ) 20.Qxb5 Rb8 21.Qd3 Qb7
22.Rd2 f5 23.Re1 fxe4 24.Qxe4 Nc6 25.Qe6+ Kf8 26.Bxd6+ cxd6 27.Rf2+ 1-0

[Event "US Open"]
[Site "Vancouver, WA"]
[Date "2012.08.04"]
[Round "1"]
[White "Carson, Phil (OR)"]
[Black "Epp, Edward (MA)"]
[Result "1/2-1/2"]
[WhiteElo "1555"]
[BlackElo "2000"]
[PlyCount "105"]

1.e4 c5 2.Nc3 Nc6 3.g3 g6 4.Bg2 Bg7 5.d3 e6 6.Nce2 Nge7 7.c3
d5 8.Be3 { %08DA} d4 9.Bd2 O-O 10.c4 e5 11.a3 a5 12.Qc1 a4 13.Nh3
Na5 14.Bxa5 Qxa5+ 15.Qd2 Bh6 16.Qxa5 Rxa5 17.O-O b5 18.f4 Bg4
19.Nc1 f6 20.b4 Ra7 21.Nf2 Bd7 22.Bh3 exf4 23.Bxd7 Rxd7 24.Ng4
Bg7 25.bxc5 h5 26.Nf2 fxg3 27.hxg3 Rc8 28.Nd1 Rxc5 29.Nb2 Ra7
30.Na2 Nc6 31.cxb5 Rxb5 32.Nc4 Rb3 33.Nc1 Rb8 34.Na2 Ne5 35.Nxe5
fxe5 36.Rfc1 Bf8 37.Rc6 Kg7 38.Nb4 Bxb4 39.axb4 Rxb4 40.Rf1 Rf7
41.Ra1 Rf3 42.Ra3 Rxg3+ 43.Kf2 Re3 44.Re6 h4 45.Rc6 Rb2+ 46.Kf1
h3 47.Rxa4 h2 {??} ( 47...Rf3+ 48.Ke1 h2 ) 48.Ra7+ Kh6 49.Rxg6+
Kxg6 50.Rg7+ Kh5 51.Rg5+ Kh4 52.Rg4+ Kh3 53.Rh4+ 1/2-1/2